Central Library OPAC University of Rajshahi

The origin of Attic comedy / (Record no. 17118)

MARC details
000 -LEADER
fixed length control field 00864cam a22002651 4500
001 - CONTROL NUMBER
control field 17118
003 - CONTROL NUMBER IDENTIFIER
rucl marc code BD-RjUL
005 - DATE AND TIME OF LATEST TRANSACTION
control field 20211209000106.0
008 - FIXED-LENGTH DATA ELEMENTS--GENERAL INFORMATION
fixed length control field 140216s1961 nyu 000 0 eng
035 ## - SYSTEM CONTROL NUMBER
System control number (BD-RjUL)17175
System control number (OCoLC)1702334
040 ## - CATALOGING SOURCE
Original cataloging agency DLC
Transcribing agency NNepaSU
Modifying agency OCoLC
-- OrPPC
-- OCoLC
-- DLC
-- BD-RjUL
Language of cataloging eng
041 ## - LANGUAGE CODE
Language code of text/sound track or separate title eng
082 0# - DEWEY DECIMAL CLASSIFICATION NUMBER
Classification number 882.0109
Edition number 19
Author mark and year COO
100 1# - MAIN ENTRY--PERSONAL NAME
Personal name Cornford, Francis Macdonald,
Dates associated with a name 1874-1943.
9 (RLIN) 3832
245 14 - TITLE STATEMENT
Title The origin of Attic comedy /
Statement of responsibility, etc. Edited and with a foreword and additional notes by Theodor H. Gaster.
260 ## - PUBLICATION, DISTRIBUTION, ETC. (IMPRINT)
Place of publication, distribution, etc. Garden City, N.Y. :
Name of publisher, distributor, etc. Anchor Books,
Date of publication, distribution, etc. 1961.
300 ## - PHYSICAL DESCRIPTION
Pagination xxx, 289 p. ;
Size 19 cm.
490 0# - SERIES STATEMENT
Series statement A Doubleday anchor book,
Volume/sequential designation A263
650 #0 - SUBJECT ADDED ENTRY--TOPICAL TERM
Topical term or geographic name as entry element Greek drama (Comedy)
General subdivision History and criticism.
9 (RLIN) 52807
942 ## - ADDED ENTRY ELEMENTS (KOHA)
Source of classification or shelving scheme Dewey Decimal Classification
Koha item type Books
Holdings
Lost status Source of classification or shelving scheme Damaged status Not for loan Collection code Permanent Location Current Location Shelving location Date acquired Source of acquisition Cost, normal purchase price Total Checkouts Full call number Date last seen Copy number Koha item type
  Dewey Decimal Classification   Not For Loan Non-fiction Central Library, University of Rajshahi Central Library, University of Rajshahi Reading Room 06/04/1964 Zeitlinger 11.60   882.0109 COO 1961 16/02/2014 C-1 Books